Catching a Thief: The Jewish Trials of a Christian Ordeal
| Main Author: | |
|---|---|
| Format: | Electronic Article |
| Language: | English |
| Check availability: | HBZ Gateway |
| Interlibrary Loan: | Interlibrary Loan for the Fachinformationsdienste (Specialized Information Services in Germany) |
| Published: |
2006
|
| In: |
Jewish studies quarterly
Year: 2006, Volume: 13, Issue: 4, Pages: 344-362 |
| Online Access: |
Volltext (JSTOR) Volltext (lizenzpflichtig) Volltext (lizenzpflichtig) |
MARC
| LEADER | 00000caa a22000002c 4500 | ||
|---|---|---|---|
| 001 | 1776884132 | ||
| 003 | DE-627 | ||
| 005 | 20211124130548.0 | ||
| 007 | cr uuu---uuuuu | ||
| 008 | 211110s2006 xx |||||o 00| ||eng c | ||
| 024 | 7 | |a 10.1628/094457006780130420 |2 doi | |
| 035 | |a (DE-627)1776884132 | ||
| 035 | |a (DE-599)KXP1776884132 | ||
| 040 | |a DE-627 |b ger |c DE-627 |e rda | ||
| 041 | |a eng | ||
| 084 | |a 1 |2 ssgn | ||
| 100 | 1 | |a Bohak, Gideon |e VerfasserIn |4 aut | |
| 245 | 1 | 0 | |a Catching a Thief: The Jewish Trials of a Christian Ordeal |
| 264 | 1 | |c 2006 | |
| 336 | |a Text |b txt |2 rdacontent | ||
| 337 | |a Computermedien |b c |2 rdamedia | ||
| 338 | |a Online-Ressource |b cr |2 rdacarrier | ||
| 773 | 0 | 8 | |i Enthalten in |t Jewish studies quarterly |d Tübingen : Mohr Siebeck, 1993 |g 13(2006), 4, Seite 344-362 |h Online-Ressource |w (DE-627)505950618 |w (DE-600)2216515-0 |w (DE-576)307015734 |x 1868-6788 |7 nnas |
| 773 | 1 | 8 | |g volume:13 |g year:2006 |g number:4 |g pages:344-362 |
| 856 | |3 Volltext |u http://www.jstor.org/stable/40753415 |x JSTOR | ||
| 856 | 4 | 0 | |u https://www.mohrsiebeck.com/artikel/catching-a-thief-the-jewish-trials-of-a-christian-ordeal-101628094457006780130420?no_cache=1 |x Verlag |z lizenzpflichtig |3 Volltext |7 1 |
| 856 | 4 | 0 | |u https://doi.org/10.1628/094457006780130420 |x Resolving-System |z lizenzpflichtig |3 Volltext |7 1 |
| 935 | |a mteo | ||
| 951 | |a AR | ||
| ELC | |a 1 | ||
| ITA | |a 1 |t 1 | ||
| LOK | |0 000 xxxxxcx a22 zn 4500 | ||
| LOK | |0 001 4000791133 | ||
| LOK | |0 003 DE-627 | ||
| LOK | |0 004 1776884132 | ||
| LOK | |0 005 20211110045145 | ||
| LOK | |0 008 211110||||||||||||||||ger||||||| | ||
| LOK | |0 035 |a (DE-Tue135)IxTheo#2021-09-20#17EF37DA8A590A13624F5AC01F99AFEB15EB5ACB | ||
| LOK | |0 040 |a DE-Tue135 |c DE-627 |d DE-Tue135 | ||
| LOK | |0 092 |o n | ||
| LOK | |0 852 |a DE-Tue135 | ||
| LOK | |0 852 1 |9 00 | ||
| LOK | |0 866 |x JSTOR#http://www.jstor.org/stable/40753415 | ||
| LOK | |0 935 |a ixzs |a ixrk |a zota | ||
| LOK | |0 939 |a 10-11-21 |b l01 | ||
| ORI | |a SA-MARC-ixtheoa001.raw | ||